[Event "CHN-ch Gp-B"]
[Site "Liaocheng"]
[Date "2024.04.26"]
[Round "11"]
[White "Tang, Keran"]
[Black "Cheng, Yuanda"]
[Result "0-1"]
[WhiteElo "1702"]
[BlackElo "2068"]
[PlyCount "88"]
[EventDate "2024.04.21"]
[EventType "swiss"]
[EventRounds "11"]
[EventCountry "CHN"]
[SourceTitle "CB18_2024"]
[SourceDate "2024.05.01"]
[SourceVersion "1"]
[SourceVersionDate "2024.05.01"]
[SourceQuality "2"]

1. d4 Nf6 2. c4 g6 3. f3 Bg7 4. e4 d6 5. Be3 0-0 6. Nc3 Nc6 7. Qd2 e5 8. d5 Nd4 9. 0-0-0 c5 10. dxc6 bxc6 11. Nge2 c5 12. Bg5 Be6 13. Nd5 Bxd5 14. exd5 Qb6 15. Nxd4 cxd4 16. Bxf6 Bxf6 17. h4 Rab8 18. Bd3 Rb7 19. g4 a5 20. g5 Bg7 21. Qh2 e4 22. fxe4 Be5 23. Qf2 Bg3 24. Qe2 Rfb8 25. b3 a4 26. Bc2 axb3 27. Bxb3 Qa5 28. Qb2 Qa6 29. Qc2 Bf4+ 30. Kb2 Ra7 31. Ka1 Rxb3 32. Qxb3 d3 33. Rxd3 Be5+ 34. Kb1 Rb7 35. Rc1 Rxb3+ 36. Rxb3 Qa7 37. c5 dxc5 38. Rc4 Qa6 39. Rxc5 Qa4 40. Rcb5 Qxe4+ 41. Kc1 Qe1+ 42. Kc2 Qe2+ 43. Kc1 Qxa2 44. Rd3 Qc4+ 0-1

[Event "CHN-ch Gp-B"]
[Site "Liaocheng"]
[Date "2024.04.21"]
[Round "2"]
[White "Cheng, Yuanda"]
[Black "Ye, Fan1"]
[Result "1-0"]
[WhiteElo "2068"]
[BlackElo "1745"]
[PlyCount "143"]
[EventDate "2024.04.21"]
[EventType "swiss"]
[EventRounds "11"]
[EventCountry "CHN"]
[SourceTitle "CB18_2024"]
[SourceDate "2024.05.01"]
[SourceVersion "1"]
[SourceVersionDate "2024.05.01"]
[SourceQuality "2"]

1. e4 c6 2. d4 d5 3. Nc3 dxe4 4. Nxe4 Nf6 5. Nxf6+ exf6 6. Bc4 Bd6 7. Nf3 0-0 8. 0-0 Bg4 9. h3 Bh5 10. c3 Nd7 11. a4 a5 12. Re1 Rc8 13. g4 Bg6 14. Nh4 Nb6 15. Nxg6 hxg6 16. Bb3 Bb8 17. Qf3 Qd6 18. Qg2 Rfe8 19. Bd2 g5 20. Kf1 Nd7 21. Qf3 Nf8 22. Rxe8 Rxe8 23. Bxg5 Ng6 24. Bd2 Nh4 25. Qh1 g5 26. Re1 Rxe1+ 27. Kxe1 Qe7+ 28. Kd1 Bf4 29. Bxf4 gxf4 30. Qe1 Qxe1+ 31. Kxe1 Nf3+ 32. Kd1 Ng5 33. h4 Nf3 34. h5 Nh2 35. Ke2 Nxg4 36. Kf3 f5 37. Bc2 Nf6 38. Kxf4 Nxh5+ 39. Kxf5 Kf8 40. b4 axb4 41. cxb4 Ke7 42. d5 cxd5 43. Ke5 Nf6 44. Bf5 d4 45. Kxd4 Kd6 46. a5 Kc6 47. Bd3 Ng4 48. b5+ Kc7 49. f4 Nf6 50. Bc4 Nh5 51. Ke5 f6+ 52. Kf5 Kd6 53. Bf7 Ng3+ 54. Kxf6 Kc5 55. Be8 Ne4+ 56. Ke6 Kb4 57. f5 Kxa5 58. f6 Nxf6 59. Kxf6 Kb6 60. Ke7 Kc7 61. Bd7 Kb6 62. Kd6 Ka7 63. Kc7 Ka8 64. Be6 Ka7 65. Bd5 b6 66. Be6 Ka8 67. Kxb6 Kb8 68. Kc6 Ka7 69. Kc7 Ka8 70. Bc4 Ka7 71. b6+ Ka8 72. Bd5# 1-0

[Event "Tianjin Binhai Cup 2nd"]
[Site "Tianjin"]
[Date "2020.01.14"]
[Round "3"]
[White "Cheng, Yuanda"]
[Black "Zhang, Lehan B"]
[Result "1-0"]
[WhiteElo "2099"]
[BlackElo "1620"]
[PlyCount "127"]
[EventDate "2020.01.13"]
[EventType "swiss"]
[EventRounds "9"]
[EventCountry "CHN"]
[SourceTitle "CBM 194 Extra"]
[Source "ChessBase"]
[SourceDate "2020.03.31"]
[SourceVersion "1"]
[SourceVersionDate "2020.03.31"]
[SourceQuality "1"]

1. e4 c5 2. Nf3 d6 3. c3 Nf6 4. g3 Nc6 5. d3 g6 6. Bg2 Bg7 7. 0-0 Bg4 8. h3 Bxf3 9. Bxf3 Qd7 10. Bg2 d5 11. Re1 dxe4 12. dxe4 0-0-0 13. Qxd7+ Rxd7 14. Be3 Ne5 15. Na3 Nd3 16. Re2 e5 17. b4 Kb8 18. bxc5 Rc8 19. Nc4 Ne8 20. Rd2 Nxc5 21. Rxd7 Nxd7 22. Rd1 Nc5 23. Rd5 Ne6 24. Nxe5 Bxe5 25. Rxe5 Rxc3 26. Rb5 Nd6 27. Rb3 Rxb3 28. axb3 Nb5 29. e5 Nbd4 30. Bd5 Nf5 31. Bd2 b5 32. Bb4 Kc7 33. g4 Nfd4 34. Ba5+ Kd7 35. Kh2 Nc6 36. Bc3 a5 37. Kg3 g5 38. h4 h6 39. hxg5 hxg5 40. Kf3 a4 41. bxa4 bxa4 42. Ke4 a3 43. Bc4 Ke7 44. Bd2 Kd7 45. Bc1 Ne7 46. Bxa3 Ke8 47. Bxe6 fxe6 48. Bc1 Kf7 49. Bxg5 Nd5 50. Bd2 Kg6 51. f4 Ne7 52. Bb4 Nd5 53. Bc5 Kg7 54. Bd4 Kg6 55. f5+ Kf7 56. g5 Ne7 57. g6+ Ke8 58. Kf4 Nxf5 59. Bc5 Nh6 60. Kg5 Ng8 61. Bd6 Kd7 62. g7 Kd8 63. Kg6 Ke8 64. Bc5 1-0

[Event "Belt and Road Hunan op-B"]
[Site "Changsha"]
[Date "2019.08.02"]
[Round "8"]
[White "Huang, Mofei"]
[Black "Cheng, Yuanda"]
[Result "1-0"]
[WhiteElo "2010"]
[BlackElo "2117"]
[PlyCount "99"]
[EventDate "2019.07.29"]
[EventType "swiss"]
[EventRounds "9"]
[EventCountry "CHN"]
[SourceTitle "EXT 2020"]
[Source "ChessBase"]
[SourceDate "2019.10.17"]
[SourceVersion "1"]
[SourceVersionDate "2019.10.17"]
[SourceQuality "1"]

1. d4 c5 2. d5 e6 3. c4 Nf6 4. Nc3 exd5 5. cxd5 Bd6 6. f4 0-0 7. g3 Re8 8. Bg2 Bc7 9. Nf3 d6 10. 0-0 Ba5 11. a4 Na6 12. Nd2 Bg4 13. Re1 Re3 14. Ndb1 Re7 15. h3 Bd7 16. e4 c4 17. Be3 Bb6 18. Na3 Rc8 19. Kh2 Nb4 20. Qd2 Bxe3 21. Rxe3 Qb6 22. Rae1 Qc5 23. e5 Rce8 24. R3e2 dxe5 25. fxe5 Nh5 26. Ne4 Qa5 27. Nd6 g6 28. Nxe8 Bxe8 29. g4 Ng7 30. d6 Rd7 31. Re4 Qxa4 32. Rxc4 a5 33. Re3 Ne6 34. Bf3 Rd8 35. Bxb7 Qd7 36. Bg2 Qa7 37. Rec3 Qa6 38. Qe3 g5 39. Qf2 Nf4 40. Rxf4 gxf4 41. Qxf4 Rb8 42. e6 Nd3 43. Qg5+ Kh8 44. Qf6+ Kg8 45. exf7+ Bxf7 46. Rc7 Rf8 47. Bd5 Ne5 48. Qxe5 Qf1 49. Rxf7 Rxf7 50. Qe8+ 1-0

[Event "Harbin U20 op"]
[Site "Harbin"]
[Date "2017.01.20"]
[Round "6"]
[White "Paznikov, Vladislav"]
[Black "Cheng, Yuanda"]
[Result "0-1"]
[WhiteElo "1872"]
[BlackElo "2078"]
[PlyCount "70"]
[EventDate "2017.01.18"]
[EventType "swiss"]
[EventRounds "9"]
[EventCountry "CHN"]
[SourceTitle "EXT 2018"]
[Source "ChessBase"]
[SourceDate "2017.10.13"]
[SourceVersion "1"]
[SourceVersionDate "2017.10.13"]
[SourceQuality "1"]

1. Nf3 c5 2. g3 g6 3. Bg2 Bg7 4. 0-0 Nc6 5. d3 e6 6. e4 Nge7 7. c3 d5 8. Nbd2 0-0 9. Re1 b5 10. Nf1 b4 11. Bd2 Ba6 12. Qc2 dxe4 13. dxe4 Bd3 14. Qc1 bxc3 15. Bxc3 Nd4 16. Nxd4 cxd4 17. Bb4 e5 18. Qd2 Bb5 19. Rac1 a5 20. Ba3 Qd7 21. Rc5 Rfb8 22. Rec1 Qe6 23. b3 a4 24. b4 Nc6 25. Rb1 Ra6 26. Rc2 Rab6 27. Bc1 Bc4 28. a3 Bb3 29. Rcb2 Na7 30. Bf3 Nb5 31. Bd1 Bxd1 32. Qxd1 Nc3 33. Qc2 Nxb1 34. Rxb1 Qc6 35. Rb2 Rc8 0-1

[Event "Harbin U20 op"]
[Site "Harbin"]
[Date "2017.01.18"]
[Round "1"]
[White "Cheng, Yuanda"]
[Black "Yang, Zicheng"]
[Result "1-0"]
[WhiteElo "2078"]
[BlackElo "1475"]
[PlyCount "47"]
[EventDate "2017.01.18"]
[EventType "swiss"]
[EventRounds "9"]
[EventCountry "CHN"]
[SourceTitle "EXT 2018"]
[Source "ChessBase"]
[SourceDate "2017.10.13"]
[SourceVersion "1"]
[SourceVersionDate "2017.10.13"]
[SourceQuality "1"]

1. e4 c5 2. Nf3 d6 3. d3 Nf6 4. g3 g6 5. Bg2 Bg7 6. 0-0 0-0 7. Nbd2 Nc6 8. Re1 Bd7 9. Nf1 Qc7 10. h4 Ng4 11. c3 Nge5 12. N3h2 h5 13. Ne3 Be6 14. f4 Nd7 15. f5 Be5 16. fxe6 fxe6 17. Nef1 Nf6 18. Be3 d5 19. exd5 Nxd5 20. Bxc5 Bxg3 21. Rxe6 Bxh2+ 22. Nxh2 Qg3 23. Qe1 Qxd3 24. Rd1 1-0

[Event "Harbin U20 op"]
[Site "Harbin"]
[Date "2017.01.18"]
[Round "2"]
[White "Zhang, Zhuoran"]
[Black "Cheng, Yuanda"]
[Result "1-0"]
[WhiteElo "1796"]
[BlackElo "2078"]
[PlyCount "119"]
[EventDate "2017.01.18"]
[EventType "swiss"]
[EventRounds "9"]
[EventCountry "CHN"]
[SourceTitle "EXT 2018"]
[Source "ChessBase"]
[SourceDate "2017.10.13"]
[SourceVersion "1"]
[SourceVersionDate "2017.10.13"]
[SourceQuality "1"]

1. e4 c5 2. Nc3 Nc6 3. g3 g6 4. Bg2 Bg7 5. d3 e6 6. Nge2 Nge7 7. Be3 d6 8. 0-0 Rb8 9. Qd2 Nd4 10. Nd1 0-0 11. c3 Nxe2+ 12. Qxe2 b5 13. Qd2 b4 14. c4 Nc6 15. Bh6 Nd4 16. Bxg7 Kxg7 17. Ne3 Bd7 18. f4 Rb6 19. g4 Qh4 20. Rf2 Ra6 21. Qd1 Rb8 22. b3 Ra3 23. h3 a5 24. Nc2 Nxc2 25. Qxc2 a4 26. Raf1 axb3 27. axb3 Be8 28. g5 h6 29. Qb2+ Kg8 30. e5 hxg5 31. exd6 Qh8 32. d4 Rc8 33. fxg5 Qxd4 34. Qxd4 cxd4 35. Bb7 Rc5 36. Rxf7 Rxg5+ 37. Kh2 Ra2+ 38. R7f2 Rxf2+ 39. Rxf2 Rc5 40. Rd2 e5 41. Bd5+ Rxd5 42. cxd5 Bd7 43. Kg3 Kf7 44. h4 Ke8 45. Re2 Bb5 46. Rxe5+ Kd7 47. Re4 d3 48. Rd4 Kxd6 49. Kf4 Ba6 50. Ke3 Bb7 51. Kxd3 Bxd5 52. Rxb4 Kc5 53. Rb8 Be6 54. b4+ Kc6 55. Kd4 Kc7 56. Rf8 Bg4 57. Rf7+ Kd8 58. Ke5 Be2 59. Rg7 Bd3 60. Kf6 1-0